000 01274nas a2200169 4500
001 8782
005 20181127190721.0
245 0 0 _aRig tshoel :
_bresearch journal of the Royal Thimphu College /
_c
260 0 0 _aThimphu Bhutan ;
_bRoyal Thimphu College,
_c2018.
300 0 0 _a110 pages ; 24 cm.
310 _aAnnual.
_b
500 0 0 _aJournal of Research of the Royal Thimphu College.
505 _aCONTENT: Foreword -- Editorial -- Assessing sustainability of Ecotourism Ventures in Bhutan -- Changing Patterns of cattle herding in the Dorokha Region,Bhutan -- Cultural Wisdom and sustainable Development in Satsam Chorteon -- Analysis of Trend of Spatial and temporal Characteristics of Temperature:A case study of Teesta-Dikchu Watershed,Sikkim --Glimpses into Pre-Christian Mizo pasts as seen through folktales - - Exotic Blossom or Cosmopolitan Victorian?Toru Dutt and Fin-de-Siecle London and calcutta -- Central America's "Failling" Democracies:The case of Honduras -- The early history of Contemporary Arts in Bhutan -- Changing Socio- spatial structures and growing urban issues in the Quest of making Thimphu a Dream city.
_g
_r
_t
650 0 0 _aSustainability.
_x
650 0 0 _aSustainable development.
_x
710 _aRoyal Thimphu College.
_b
_c
_d
_e
_n
_o
_p
_r
_s
_t
999 _c7614
_d7614